000 03734cam a22012494i 4500
003 PE-LiUPU
005 20250813185617.0
008 150706s2008 mx rb 000 0 spa d
035 _a(Sirsi) a51818
040 _aPE-LiUPU
_bspa
_cPE-LiUPU
_erda
049 _aPRUA
082 0 4 _a306.8072
_bP45
_221
100 1 _aPereyra Lavandina, Mario,
_eautor.
245 1 0 _aConstruyendo familias felices :
_bla pareja /
_cMario Pereyra Lavandina.
264 1 _aMéxico :
_bMontemorelos, Publicaciones Universidad de Montemorelos,
_c2008.
300 _a167 páginas ;
_c21 centímetros
336 _atext
_2rdacontent
337 _aunmediated
_2rdamedia
338 _avolume
_2rdacarrier
504 _aIncluye bibliografía.
505 0 _aHacia un hogar sin sobras -- El arte de amar -- El secreto encanto del amor -- Etapas y estilos conyugales -- ¿Cómo están las relaciones en casa? -- El compromiso matrimonial -- El terror detrás de la puerta: La violencia doméstica -- ¿Hay solución para el adulterio? -- ¿Cómo liberarse de los celos? -- La fórmula de la felicidad -- ¿Qué dicen las investigaciones? -- ¿Cuál es el grado de su satisfacción conyugales?.
526 _aP202
526 _aP201
526 _aP163
526 _aP162
526 _aP161
526 _aP160
526 _aP148
526 _aP147
526 _aP146
526 _aP145
526 _aP144
526 _aP143
526 _aP142
526 _aP141
526 _aP140
526 _aP139
526 _aP138
526 _aP137
526 _aP136
526 _aP135
526 _aP134
526 _aP133
526 _aP129
526 _aP128
526 _aP127
526 _aP120
526 _aP119
526 _aP118
526 _aP116
526 _aP115
526 _aP114
526 _aP110
526 _aP109
526 _aP108
526 _aP104
526 _aP103
526 _aP102
526 _aP99
526 _aP98
526 _aP97
526 _aP96
526 _aP95
526 _aP93
526 _aP90
526 _aP89
526 _aP88
526 _aP83
526 _aP82
526 _aP62
526 _aP59
526 _aP58
526 _aP57
526 _aP51
526 _aP49
526 _aP48
526 _aP47
526 _aP29
526 _aP24
526 _aP20
526 _aP19
526 _aP17
526 _aP15
526 _aP14
526 _aP12
526 _aP10
526 _aP09
526 _aP08
526 _aP07
526 _aP06
526 _aP05
526 _aP04
526 _aP01
541 _g00000391;
541 _g00000391;
650 0 4 _aFamilias
_xAspectos psicológicos.
650 0 4 _aRelaciones de pareja.
_92308
700 1 _aPozo Moras, Luis Alberto del,
_eed.
910 _agl
_bjv
_cng
_d20121217
942 _2ddc
_cBOOK
949 _a306.8072 P45
_wDEWEY
_c1
_i66023
_lCCODEBUL1
_mBUL
_p31.00
_r0
_sY
_tLIBRO
_u2015-07-06
_xSALUD
_PP33
_o.STAFF. Colección General
949 _a306.8072 P45
_wDEWEY
_c2
_i66024
_lCCODEBUL1
_mBUL
_p31.00
_r0
_sY
_tLIBRO
_u2015-07-06
_xSALUD
_PP33
_o.STAFF. Colección General
994 _aC0
_bPEPRU
596 _a1
999 _a306.8072 P45
_wDEWEY
_c54382
_i66023
_lLOST
_mBUL
_p31.00
_r1
_sY
_tBOOK
_u2015-7-6
_xSALUD
_PP33
_o.STAFF. Colección General
_d54382
999 _a306.8072 P45
_wDEWEY
_c2
_i66024
_d2019-6-7
_e2018-11-20
_f2021-11-11
_g5
_lCCODEBUL1
_mBUL
_n13
_p31.00
_q4
_r0
_sY
_tBOOK
_u2015-7-6
_xTEOLOGIA
_PP35
_0COMPRA
_o.STAFF. Colección Teología
980 _81
_gALBERTO SANCHEZ Responsable de Automatización